Central Library OPAC University of Rajshahi

TheTown and country planning act, 1947 / (Record no. 21828)

MARC details
000 -LEADER
fixed length control field 00676nam a22002293 4500
001 - CONTROL NUMBER
control field 21828
003 - CONTROL NUMBER IDENTIFIER
rucl marc code BD-RjUL
005 - DATE AND TIME OF LATEST TRANSACTION
control field 20211209000732.0
008 - FIXED-LENGTH DATA ELEMENTS--GENERAL INFORMATION
fixed length control field 200115s1948 xx 000 0 eng d
035 ## - SYSTEM CONTROL NUMBER
System control number ( BD-RjUL)21893
040 ## - CATALOGING SOURCE
Original cataloging agency EQO
Transcribing agency EQO
Language of cataloging eng
041 ## - LANGUAGE CODE
Language code of text/sound track or separate title eng
082 ## - DEWEY DECIMAL CLASSIFICATION NUMBER
Edition number 23
Classification number 346.045
Author mark and year HIT 1945
100 1# - MAIN ENTRY--PERSONAL NAME
Personal name Hill, H.A.
9 (RLIN) 237602
245 13 - TITLE STATEMENT
Title TheTown and country planning act, 1947 /
Statement of responsibility, etc. H.A. Hill and D.P. Kerrigan
260 ## - PUBLICATION, DISTRIBUTION, ETC. (IMPRINT)
Place of publication, distribution, etc. London :
Name of publisher, distributor, etc. butterworth & co. ,
Date of publication, distribution, etc. 1948.
300 ## - PHYSICAL DESCRIPTION
Pagination v, 316 p. ;
Size 25 cm
650 ## - SUBJECT ADDED ENTRY--TOPICAL TERM
Topical term or geographic name as entry element City planning and redevelopment law.
9 (RLIN) 237603
700 ## - ADDED ENTRY--PERSONAL NAME
Personal name Kerrigan, D.P.
942 ## - ADDED ENTRY ELEMENTS (KOHA)
Source of classification or shelving scheme Dewey Decimal Classification
Koha item type Books
Holdings
Lost status Source of classification or shelving scheme Damaged status Not for loan Collection code Permanent Location Current Location Shelving location Date acquired Source of acquisition Total Checkouts Full call number Date last seen Copy number Koha item type
  Dewey Decimal Classification   Not For Loan Non-fiction Central Library, University of Rajshahi Central Library, University of Rajshahi Reading Room 15/01/2020 Faculty of Laws University College, London Lending Library   346.045 HIT 1945 15/01/2020 C-1 Books